000 00664nam a22002297a 4500
003 dpl
005 20180820132748.0
008 180820b xxu||||| |||| 00| 0 eng d
010 _aA-720650
016 _aA-720650
035 _aA-720650
037 _bBPPD/PUB
040 _c0
082 _a110
100 _aSatprem
245 _aOn the way to supermanhood
_cby Satprem
260 _aNew york
_bInstitute for evolutionary research
_c1985
270 _a200 park avenue suite 303 east
_bNew york
_e10166
300 _a192p.
_c22 cm ( Hb)
490 _aEncyclopaedia universalia , V.2
942 _adpl
_cEN
_k110 / SAT
_2ddc
_h110
_mSAT
999 _c156097
_d156097